[Event "AUT-chT (Women) 2122"]
[Site "Austria"]
[Date "2022.03.26"]
[Round "6.4"]
[White "Theissl Pokorna, Regina"]
[Black "Mattersberger, Melanie"]
[Result "1-0"]
[WhiteElo "2296"]
[BlackElo "1763"]
[PlyCount "61"]
[EventDate "2021.11.06"]
[EventType "team-tourn"]
[EventRounds "9"]
[EventCountry "AUT"]
[SourceTitle "EXT 2023"]
[Source "ChessBase"]
[SourceDate "2022.10.05"]
[SourceVersion "1"]
[SourceVersionDate "2022.10.05"]
[SourceQuality "1"]
[WhiteTeam "Pamhagen (W)"]
[BlackTeam "Lienz (W)"]
[WhiteTeamCountry "AUT"]
[BlackTeamCountry "AUT"]

1. e4 e5 2. Nf3 Nc6 3. d4 exd4 4. Nxd4 Bc5 5. Be3 Qf6 6. Nb5 Bxe3 7. fxe3 Qh4+ 8. g3 Qxe4 9. Nxc7+ Kd8 10. Nxa8 Qxh1 11. Qd6 Nge7 12. Nd2 Qd5 13. Qc7+ Ke8 14. Qxc8+ Nxc8 15. Nc7+ Kd8 16. Nxd5 Re8 17. 0-0-0 Nd6 18. Nc4 Ne4 19. Bg2 Nc5 20. Nd6 Rf8 21. b4 Ne6 22. Nxb7+ Kc8 23. Nd6+ Kd8 24. Kb2 Ne5 25. Kb3 Ng4 26. h3 Ne5 27. a4 Nc7 28. Nxc7 Kxc7 29. Nc4 f6 30. Nxe5 fxe5 31. Rf1 1-0

[Event "Online Olym Div2 B"]
[Site "Chess.com INT"]
[Date "2021.09.03"]
[Round "5.4"]
[White "Theissl Pokorna, Regina"]
[Black "Sinitsina, Anastassia"]
[Result "1/2-1/2"]
[WhiteElo "2296"]
[BlackElo "2115"]
[PlyCount "147"]
[EventDate "2021.09.02"]
[EventType "team (rapid)"]
[EventRounds "9"]
[EventCountry "USA"]
[SourceTitle "CBM 204 Extra"]
[Source "ChessBase"]
[SourceDate "2021.11.30"]
[SourceVersion "1"]
[SourceVersionDate "2021.11.30"]
[SourceQuality "1"]
[WhiteTeam "Austria"]
[BlackTeam "Estonia"]
[WhiteTeamCountry "AUT"]
[BlackTeamCountry "EST"]

1. e4 e5 2. Nf3 Nc6 3. Bc4 Bc5 4. c3 Nf6 5. d3 d6 6. Nbd2 0-0 7. h3 a6 8. Bb3 Ba7 9. Nf1 Ne7 10. Be3 Ng6 11. Ng3 h6 12. 0-0 c6 13. d4 Qc7 14. Qd2 Re8 15. Bxh6 gxh6 16. Qxh6 d5 17. Nf5 Bxf5 18. exf5 exd4 19. fxg6 fxg6 20. Qxg6+ Qg7 21. Qxg7+ Kxg7 22. cxd4 Re2 23. Rab1 Rae8 24. Bd1 R2e7 25. Bc2 Ne4 26. Rbd1 Kf6 27. Bxe4 dxe4 28. Ne5 Rd8 29. Ng4+ Kg5 30. Rfe1 Rxd4 31. Rxd4 Bxd4 32. Re2 Kf4 33. g3+ Kg5 34. Kg2 c5 35. Ne3 Re6 36. b3 b5 37. h4+ Kg6 38. Nd5 Kf5 39. Ne3+ Kg6 40. g4 Bf6 41. Nf5 c4 42. bxc4 bxc4 43. Ne3 c3 44. Nd5 Rc6 45. Nb4 Rc4 46. Nc2 Bxh4 47. f3 exf3+ 48. Kxf3 Bf6 49. Re4 Rc5 50. Ke3 Rd5 51. Ra4 a5 52. Na1 Rd1 53. Nb3 c2 54. Rxa5 c1Q+ 55. Nxc1 Rxc1 56. a4 Rc3+ 57. Ke4 Ra3 58. Kf4 Ra1 59. Ke4 Bc3 60. Ra8 Kg5 61. Kd3 Ra3 62. Rg8+ Kf4 63. Kc4 Bf6 64. Kb5 Bg5 65. a5 Kxg4 66. a6 Kf5 67. Rxg5+ Kxg5 68. Kb6 Kf6 69. a7 Ke7 70. Kb7 Kd7 71. a8Q Rb3+ 72. Ka6 Ra3+ 73. Kb7 Rxa8 74. Kxa8 1/2-1/2

[Event "EU-Cup Online Gr-B (Women)"]
[Site "Tornelo INT"]
[Date "2020.12.20"]
[Round "5.2"]
[White "Arakhamia Grant, Ketevan"]
[Black "Theissl Pokorna, Regina"]
[Result "0-1"]
[WhiteElo "2380"]
[BlackElo "2296"]
[PlyCount "98"]
[EventDate "2020.12.19"]
[EventType "team-tourn (rapid)"]
[EventRounds "7"]
[EventCountry "ISS"]
[SourceTitle "CBM 199 Extra"]
[Source "ChessBase"]
[SourceDate "2021.01.31"]
[SourceVersion "1"]
[SourceVersionDate "2021.01.31"]
[SourceQuality "1"]
[WhiteTeam "Wood Green (W)"]
[BlackTeam "Arnia Chess (W)"]
[WhiteTeamCountry "ENG"]
[BlackTeamCountry "ROU"]

1. e4 e5 2. Nf3 Nc6 3. Bc4 Nf6 4. d3 Bc5 5. Nc3 a6 6. 0-0 h6 7. Nd5 d6 8. c3 0-0 9. b4 Ba7 10. h3 Be6 11. Bb3 Nh7 12. Be3 Ne7 13. Bxa7 Rxa7 14. d4 c6 15. Ne3 Bxb3 16. Qxb3 Qc7 17. dxe5 dxe5 18. Nc4 Ng6 19. Rad1 Raa8 20. Rd6 Nf6 21. Rfd1 Rae8 22. Qc2 Re6 23. Rxe6 fxe6 24. g3 Nh5 25. Nh2 Nf6 26. Qd3 Kh7 27. a4 Rf7 28. Qe2 Rd7 29. Rxd7 Qxd7 30. Nf3 Qc7 31. a5 c5 32. Kg2 cxb4 33. cxb4 Nd7 34. Ne3 b5 35. Ng5+ hxg5 36. Qh5+ Kg8 37. Qxg6 Nf8 38. Qxg5 Qc3 39. Ng4 Qxb4 40. Nh6+ Kh7 41. Nf7 Qxe4+ 42. Kh2 Qf5 43. Qh4+ Kg8 44. Ng5 Qxf2+ 45. Kh1 Qf1+ 46. Kh2 Qf2+ 47. Kh1 Qf5 48. g4 Qf1+ 49. Kh2 b4 0-1

[Event "BL 1920 (Women)"]
[Site "Germany"]
[Date "2020.02.15"]
[Round "7.2"]
[White "Theissl Pokorna, Regina"]
[Black "Utiatskaja, Irina"]
[Result "1/2-1/2"]
[WhiteElo "2303"]
[BlackElo "2154"]
[PlyCount "91"]
[EventDate "2019.09.14"]
[EventType "team-tourn"]
[EventRounds "11"]
[EventCountry "GER"]
[SourceTitle "CBM 195 Extra"]
[Source "ChessBase"]
[SourceDate "2020.05.31"]
[SourceVersion "1"]
[SourceVersionDate "2020.05.31"]
[SourceQuality "1"]
[WhiteTeam "Rodewisch (W)"]
[BlackTeam "Harksheide (W)"]
[WhiteTeamCountry "GER"]
[BlackTeamCountry "GER"]

1. e4 e5 2. Nf3 Nc6 3. Bb5 Nf6 4. d3 Ne7 5. c3 c6 6. Bc4 Ng6 7. 0-0 Be7 8. Re1 0-0 9. Bb3 Qc7 10. d4 d6 11. Nbd2 b5 12. a4 a5 13. Nf1 h6 14. Ne3 Re8 15. axb5 cxb5 16. h3 Bb7 17. Nd5 Nxd5 18. exd5 a4 19. Ba2 Bf6 20. dxe5 Bxe5 21. Nxe5 Nxe5 22. Bf4 Ng6 23. Be3 Qd7 24. Qc2 Re7 25. Rad1 Rae8 26. Rd4 f5 27. Red1 Ne5 28. Bb1 Rf8 29. Bf4 Ng6 30. Qd3 Nxf4 31. Rxf4 Re5 32. Ba2 Qe8 33. Kh2 Bc8 34. c4 bxc4 35. Bxc4 Re4 36. Rxe4 fxe4 37. Qg3 Qe7 38. Re1 Bf5 39. Bb5 Rb8 40. Bxa4 Rxb2 41. Qf4 Qf6 42. Rc1 Ra2 43. Bc6 g5 44. Qe3 Qe5+ 45. Kg1 Ra1 46. Rxa1 1/2-1/2

[Event "AUT-chT (Women) 1920"]
[Site "Austria"]
[Date "2020.01.12"]
[Round "6.1"]
[White "Richterova, Natasa"]
[Black "Theissl Pokorna, Regina"]
[Result "1/2-1/2"]
[WhiteElo "2215"]
[BlackElo "2306"]
[PlyCount "82"]
[EventDate "2019.10.11"]
[EventType "team-tourn"]
[EventRounds "9"]
[EventCountry "AUT"]
[SourceTitle "CBM 194 Extra"]
[Source "ChessBase"]
[SourceDate "2020.03.31"]
[SourceVersion "1"]
[SourceVersionDate "2020.03.31"]
[SourceQuality "1"]
[WhiteTeam "Steyr (W)"]
[BlackTeam "Pamhagen (W)"]
[WhiteTeamCountry "AUT"]
[BlackTeamCountry "AUT"]

1. e4 c5 2. Nf3 e6 3. b3 a6 4. Bb2 d5 5. exd5 exd5 6. d4 Nc6 7. Be2 Nf6 8. 0-0 Be7 9. dxc5 0-0 10. c4 Bxc5 11. cxd5 Nxd5 12. Qc1 Be7 13. Rd1 Bf6 14. Bc4 Bxb2 15. Qxb2 Qf6 16. Qxf6 Nxf6 17. Nc3 h6 18. Nd5 Nxd5 19. Bxd5 Nb4 20. Be4 Re8 21. Rd4 a5 22. a3 Nc6 23. Rc4 Be6 24. Rc3 Ra6 25. h3 Rb6 26. Bxc6 bxc6 27. Nd4 Bd5 28. Rac1 Rd8 29. Nxc6 Bxc6 30. Rxc6 Rxb3 31. R1c3 Rdb8 32. R3c5 Rxa3 33. Ra6 a4 34. Rc4 Ra2 35. Rf4 a3 36. Rf3 Ra1+ 37. Kh2 a2 38. Ra7 Rb7 39. Rxb7 Rb1 40. Ra7 a1Q 41. Rxa1 Rxa1 1/2-1/2

[Event "Vienna State-ch"]
[Site "Vienna"]
[Date "2019.09.18"]
[Round "5"]
[White "Theissl Pokorna, Regina"]
[Black "Kilgus, Georg"]
[Result "0-1"]
[WhiteElo "2303"]
[BlackElo "2435"]
[PlyCount "94"]
[EventDate "2019.09.14"]
[EventType "tourn"]
[EventRounds "9"]
[EventCountry "AUT"]
[SourceTitle "EXT 2020"]
[Source "ChessBase"]
[SourceDate "2019.10.17"]
[SourceVersion "1"]
[SourceVersionDate "2019.10.17"]
[SourceQuality "1"]

1. e4 c6 2. d4 d5 3. exd5 cxd5 4. Bd3 Nc6 5. c3 Nf6 6. Bf4 Bg4 7. Qb3 Qd7 8. Nd2 e6 9. Ngf3 Bd6 10. Be5 Qc7 11. 0-0 0-0 12. Rae1 Ne7 13. Nh4 Nd7 14. Qc2 Nxe5 15. dxe5 Bxe5 16. Bxh7+ Kh8 17. h3 Bh5 18. g4 g6 19. Ndf3 Bf6 20. gxh5 Kxh7 21. hxg6+ Nxg6 22. Nxg6 Rg8 23. Kh1 Rxg6 24. Rg1 Rag8 25. Rg4 Kh8 26. Rxg6 Rxg6 27. Rxe6 Qc8 28. Nd4 Bxd4 29. Rxg6 fxg6 30. Kg1 Bb6 31. Qxg6 Qg8 32. Qxg8+ Kxg8 33. Kf1 Kf7 34. Ke2 Ke6 35. f3 Kf5 36. b3 Kf4 37. h4 Bd8 38. h5 Kg5 39. Kd3 Bf6 40. c4 dxc4+ 41. Kxc4 Kxh5 42. Kd5 Kg5 43. Kd6 b6 44. Kc6 Bd4 45. Kb5 a5 46. b4 Bc3 47. Kxb6 Bxb4 0-1

[Event "AUT-chT (Women) 1819"]
[Site "Austria"]
[Date "2019.03.31"]
[Round "7.1"]
[White "Frey, Alisa"]
[Black "Theissl Pokorna, Regina"]
[Result "0-1"]
[WhiteElo "2078"]
[BlackElo "2306"]
[PlyCount "68"]
[EventDate "2018.11.17"]
[EventType "team-swiss"]
[EventRounds "7"]
[EventCountry "AUT"]
[SourceTitle "CBM 189 Extra"]
[Source "ChessBase"]
[SourceDate "2019.06.03"]
[SourceVersion "1"]
[SourceVersionDate "2019.06.03"]
[SourceQuality "1"]
[WhiteTeam "Lienz (W)"]
[BlackTeam "Pamhagen (W)"]
[WhiteTeamCountry "AUT"]
[BlackTeamCountry "AUT"]

1. e4 e5 2. Nf3 Nc6 3. Bb5 a6 4. Ba4 Nf6 5. 0-0 Be7 6. Re1 b5 7. Bb3 d6 8. c3 0-0 9. h3 Na5 10. Bc2 c5 11. d4 Qc7 12. Nbd2 cxd4 13. cxd4 Nc6 14. Nb3 a5 15. d5 Nb4 16. Bb1 a4 17. Nbd2 Bd7 18. a3 Na6 19. b4 axb3 20. Nxb3 Nc5 21. Bd2 g6 22. Qc1 Nh5 23. Nxc5 dxc5 24. Bc3 Bd6 25. Qh6 f6 26. Qd2 Nf4 27. Rc1 Ra6 28. Ne1 Rfa8 29. Nd3 Nxd3 30. Bxd3 c4 31. Bc2 Rxa3 32. Rxa3 Rxa3 33. f4 b4 34. Ba1 Qa7+ 0-1

[Event "AUT-chT (Women) 1819"]
[Site "Austria"]
[Date "2019.03.30"]
[Round "6.1"]
[White "Theissl Pokorna, Regina"]
[Black "Richterova, Natasa"]
[Result "1-0"]
[WhiteElo "2306"]
[BlackElo "2164"]
[PlyCount "57"]
[EventDate "2018.11.17"]
[EventType "team-swiss"]
[EventRounds "7"]
[EventCountry "AUT"]
[SourceTitle "CBM 189 Extra"]
[Source "ChessBase"]
[SourceDate "2019.06.03"]
[SourceVersion "1"]
[SourceVersionDate "2019.06.03"]
[SourceQuality "1"]
[WhiteTeam "Pamhagen (W)"]
[BlackTeam "Steyr (W)"]
[WhiteTeamCountry "AUT"]
[BlackTeamCountry "AUT"]

1. e4 e5 2. Nf3 Nc6 3. Bb5 a6 4. Ba4 b5 5. Bb3 Be7 6. d4 exd4 7. c3 Nf6 8. e5 Ne4 9. Bd5 Nc5 10. cxd4 Na4 11. 0-0 0-0 12. a3 Nb6 13. Be4 Bb7 14. d5 Nb8 15. Nc3 d6 16. exd6 Qxd6 17. Nd4 Bf6 18. Nf5 Qd7 19. Qf3 Nc4 20. d6 Ne5 21. Qh3 Bxe4 22. Nxe4 Bd8 23. Rd1 cxd6 24. Rxd6 Qb7 25. Nc5 Qc7 26. Be3 Be7 27. Qg3 g6 28. Qxe5 gxf5 29. Rg6+ 1-0

[Event "EU-ch (Women) 19th"]
[Site "Stary Smokovec"]
[Date "2018.04.19"]
[Round "11"]
[White "Theissl Pokorna, Regina"]
[Black "Maltsevskaya, Aleksandra"]
[Result "1-0"]
[WhiteElo "2320"]
[BlackElo "2237"]
[PlyCount "95"]
[EventDate "2018.04.08"]
[EventType "swiss"]
[EventRounds "11"]
[EventCountry "SVK"]
[SourceTitle "CBM 184 Extra"]
[Source "ChessBase"]
[SourceDate "2018.06.28"]
[SourceVersion "1"]
[SourceVersionDate "2018.06.28"]
[SourceQuality "1"]

1. Nf3 Nf6 2. g3 g6 3. b3 Bg7 4. Bb2 0-0 5. Bg2 c5 6. c4 Nc6 7. 0-0 b6 8. d4 cxd4 9. Nxd4 Bb7 10. Nc3 Qc8 11. Nc2 d6 12. e4 h5 13. Nd5 Nxd5 14. Bxg7 Kxg7 15. exd5 Ne5 16. Re1 Qc5 17. Qd4 Bc8 18. f4 Bf5 19. Be4 Bxe4 20. Rxe4 Qxd4+ 21. Nxd4 Nd3 22. Rxe7 Rfe8 23. Rxe8 Rxe8 24. Nb5 Re2 25. Nxd6 Nf2 26. Nb5 Rd2 27. Nc3 Rc2 28. d6 Kf8 29. Re1 Nh3+ 30. Kh1 Nf2+ 31. Kg2 Ne4+ 32. Re2 Rxc3 33. Rxe4 Rd3 34. Kf2 Rxd6 35. Ke2 f6 36. Re3 a5 37. h4 Kf7 38. Rd3 Rc6 39. Rd5 Rc5 40. Rxc5 bxc5 41. Kd3 g5 42. fxg5 fxg5 43. Ke4 gxh4 44. gxh4 Ke6 45. a3 Kd6 46. Kf5 Kd7 47. Ke5 Kc6 48. Ke6 1-0

[Event "EU-ch (Women) 19th"]
[Site "Stary Smokovec"]
[Date "2018.04.16"]
[Round "8"]
[White "Antolak, Julia"]
[Black "Theissl Pokorna, Regina"]
[Result "1-0"]
[WhiteElo "2212"]
[BlackElo "2320"]
[PlyCount "121"]
[EventDate "2018.04.08"]
[EventType "swiss"]
[EventRounds "11"]
[EventCountry "SVK"]
[SourceTitle "CBM 184 Extra"]
[Source "ChessBase"]
[SourceDate "2018.06.28"]
[SourceVersion "1"]
[SourceVersionDate "2018.06.28"]
[SourceQuality "1"]

1. e4 e5 2. Nf3 Nc6 3. Bb5 a6 4. Ba4 d6 5. 0-0 Bd7 6. c3 g6 7. d4 Bg7 8. d5 Nce7 9. c4 Nf6 10. Nc3 0-0 11. b4 h6 12. Ne1 Bxa4 13. Qxa4 Nh5 14. Nd3 f5 15. Bd2 Nf4 16. Qc2 g5 17. Rae1 Nxd3 18. Qxd3 f4 19. f3 Kh8 20. Nd1 Qd7 21. Nf2 Rf7 22. Rb1 h5 23. h3 Ng8 24. c5 Nh6 25. Rfc1 Bf6 26. b5 dxc5 27. Rxc5 Be7 28. Rc2 Bd6 29. bxa6 bxa6 30. Bb4 g4 31. Bxd6 cxd6 32. hxg4 hxg4 33. Nxg4 Nxg4 34. fxg4 Rg8 35. Qf3 Qa7+ 36. Qf2 Qe7 37. Rc6 Rxg4 38. Rb8+ Rg8 39. Rxg8+ Kxg8 40. Rxa6 Rg7 41. a4 Qf8 42. Ra7 Qc8 43. Rxg7+ Kxg7 44. Qh4 Qc1+ 45. Kh2 Qa3 46. Qg4+ Kf7 47. a5 Qxa5 48. Qe6+ Kg7 49. Qe7+ Kg8 50. Qxd6 Qe1 51. Qg6+ Kf8 52. Qf6+ Kg8 53. Qg5+ Kf7 54. d6 Qd2 55. Qf5+ Kg8 56. Qe6+ Kh7 57. Qe7+ Kg6 58. Qe8+ Kh6 59. d7 f3 60. Qh8+ Kg6 61. Qg8+ 1-0

[Event "EU-ch (Women) 19th"]
[Site "Stary Smokovec"]
[Date "2018.04.13"]
[Round "6"]
[White "Mikadze, Miranda"]
[Black "Theissl Pokorna, Regina"]
[Result "0-1"]
[WhiteElo "2216"]
[BlackElo "2320"]
[PlyCount "62"]
[EventDate "2018.04.08"]
[EventType "swiss"]
[EventRounds "11"]
[EventCountry "SVK"]
[SourceTitle "CBM 184 Extra"]
[Source "ChessBase"]
[SourceDate "2018.06.28"]
[SourceVersion "1"]
[SourceVersionDate "2018.06.28"]
[SourceQuality "1"]

1. d4 Nf6 2. Nf3 g6 3. Bf4 Bg7 4. e3 d6 5. Be2 0-0 6. h3 b6 7. 0-0 Bb7 8. a4 a5 9. Na3 Nbd7 10. Bh2 Re8 11. c3 e5 12. Nb5 Ne4 13. Qc2 Nf8 14. Rfd1 Qe7 15. Qb3 h5 16. Qc2 Nh7 17. Bf1 Nhg5 18. Ne1 Bh6 19. Rd3 Bc8 20. dxe5 dxe5 21. h4 Ne6 22. Rd5 Nf6 23. Rdd1 Ng4 24. Bg3 Nc5 25. Nf3 Bf5 26. Qe2 Ne4 27. Bh2 Nexf2 28. Ng5 Nxd1 29. Rxd1 Nxh2 30. Kxh2 Bxg5 31. hxg5 Bg4 0-1

[Event "EU-ch (Women) 19th"]
[Site "Stary Smokovec"]
[Date "2018.04.12"]
[Round "5"]
[White "Theissl Pokorna, Regina"]
[Black "Tsolakidou, Stavroula"]
[Result "0-1"]
[WhiteElo "2320"]
[BlackElo "2430"]
[PlyCount "88"]
[EventDate "2018.04.08"]
[EventType "swiss"]
[EventRounds "11"]
[EventCountry "SVK"]
[SourceTitle "CBM 184 Extra"]
[Source "ChessBase"]
[SourceDate "2018.06.28"]
[SourceVersion "1"]
[SourceVersionDate "2018.06.28"]
[SourceQuality "1"]

1. e4 c5 2. Nf3 d6 3. Bb5+ Nd7 4. 0-0 a6 5. Bd3 Ngf6 6. c3 b5 7. Bc2 Bb7 8. Re1 c4 9. a4 e6 10. d4 cxd3 11. Qxd3 b4 12. cxb4 d5 13. exd5 Nxd5 14. Bd2 Nxb4 15. Bxb4 Bxb4 16. Nc3 Nf6 17. Qc4 Bxc3 18. Qxc3 Rc8 19. Qd3 Bxf3 20. gxf3 Qa5 21. b4 Qxb4 22. Qxa6 0-0 23. Be4 Rc5 24. a5 Qd2 25. Qb6 Nxe4 26. fxe4 Qc3 27. h4 Ra8 28. a6 Rcc8 29. a7 Qf6 30. Qb7 h5 31. Rac1 Rf8 32. Rb1 Kh7 33. Qc7 Rfc8 34. Qd7 Rc2 35. Rf1 Qg6+ 36. Kh2 Qg4 37. Rb3 Qxh4+ 38. Kg1 Rc5 39. Rg3 Rg5 40. Qb7 Rxg3+ 41. fxg3 Qxg3+ 42. Kh1 Qh3+ 43. Kg1 Qe3+ 44. Rf2 Rxa7 0-1

[Event "EU-ch (Women) 19th"]
[Site "Stary Smokovec"]
[Date "2018.04.09"]
[Round "2"]
[White "Theissl Pokorna, Regina"]
[Black "Zimina, Olga"]
[Result "0-1"]
[WhiteElo "2320"]
[BlackElo "2414"]
[PlyCount "158"]
[EventDate "2018.04.08"]
[EventType "swiss"]
[EventRounds "11"]
[EventCountry "SVK"]
[SourceTitle "CBM 184 Extra"]
[Source "ChessBase"]
[SourceDate "2018.06.28"]
[SourceVersion "1"]
[SourceVersionDate "2018.06.28"]
[SourceQuality "1"]

1. e4 c6 2. d4 d5 3. exd5 cxd5 4. c4 Nf6 5. Nc3 g6 6. Qb3 Bg7 7. cxd5 0-0 8. Be2 Nbd7 9. Bf3 Nb6 10. a4 a5 11. Nge2 Bf5 12. Bf4 Bd3 13. d6 exd6 14. 0-0 Re8 15. Rfe1 Bc4 16. Qa3 Bf8 17. b3 Bd5 18. Nxd5 Nbxd5 19. Bg5 Nb4 20. Bxb7 Rb8 21. Bf3 Nc2 22. Qb2 Nxa1 23. Rxa1 h6 24. Be3 Ne4 25. Bxe4 Rxe4 26. Nc3 Rh4 27. Nb5 d5 28. Qe2 Rc8 29. Qd3 Bd6 30. g3 Rh5 31. Bd2 Bb8 32. b4 Qd7 33. Qf1 Rc2 34. Be1 axb4 35. Bxb4 Rf5 36. Be1 Rc4 37. Qd3 Ba7 38. Bd2 Rh5 39. Nxa7 Qxa7 40. a5 Rf5 41. Bxh6 Rf6 42. h4 Ra6 43. Be3 Rxa5 44. Rxa5 Qxa5 45. h5 Qa6 46. Qb3 gxh5 47. Qb8+ Rc8 48. Qe5 Qe6 49. Qg5+ Kf8 50. Qxh5 Ke8 51. Kg2 Kd7 52. Qh3 Re8 53. Qxe6+ Rxe6 54. Kf3 Re4 55. Ke2 Kc6 56. Kd3 Kb5 57. Bf4 Kb4 58. Bd2+ Kb3 59. Be3 Re6 60. Bd2 Ra6 61. g4 Ra1 62. g5 Rg1 63. Be3 Rg2 64. f4 Rg3 65. Ke2 Kc4 66. f5 Rh3 67. Bf2 Kc3 68. Be3 Kc4 69. Bf2 Rb3 70. Be3 Rb7 71. Kf3 Kd3 72. Bf2 Re7 73. Bg1 Rb7 74. Bf2 Rb1 75. g6 fxg6 76. fxg6 Rb6 77. Kf4 Rxg6 78. Ke5 Rg5+ 79. Kd6 Kc4 0-1

[Event "AUT-chT (Women) 1718"]
[Site "Austria"]
[Date "2018.01.21"]
[Round "6.4"]
[White "Newrkla, Katharina"]
[Black "Theissl Pokorna, Regina"]
[Result "1/2-1/2"]
[WhiteElo "2176"]
[BlackElo "2323"]
[PlyCount "56"]
[EventDate "2017.11.24"]
[EventType "team-tourn"]
[EventRounds "9"]
[EventCountry "AUT"]
[SourceTitle "EXT 2019"]
[Source "ChessBase"]
[SourceDate "2018.10.10"]
[SourceVersion "1"]
[SourceVersionDate "2018.10.10"]
[SourceQuality "1"]
[WhiteTeam "Wulkaprodersdorf (W)"]
[BlackTeam "Pamhagen (W)"]
[WhiteTeamCountry "AUT"]
[BlackTeamCountry "AUT"]

1. e4 e5 2. Nf3 Nc6 3. d4 exd4 4. Nxd4 Nf6 5. Nc3 Bc5 6. Nb3 Bb6 7. Bg5 h6 8. Bh4 Qe7 9. Qd2 g5 10. Bg3 d6 11. 0-0-0 Bd7 12. f3 0-0-0 13. Bf2 Rhe8 14. Bxb6 axb6 15. Qf2 Qe5 16. Kb1 Be6 17. Bd3 Nb4 18. Bb5 Nc6 19. Nc1 Bd7 20. Nd3 Qe7 21. h4 g4 22. Nf4 Ne5 23. Nfd5 Nxd5 24. Nxd5 Qe6 25. Nf4 Qf6 26. Nd5 Qe6 27. Nf4 Qf6 28. Nd5 Qe6 1/2-1/2

[Event "AUT-chT (Women) 1718"]
[Site "Austria"]
[Date "2017.11.26"]
[Round "3.1"]
[White "Theissl Pokorna, Regina"]
[Black "Fuchs, Judith"]
[Result "0-1"]
[WhiteElo "2323"]
[BlackElo "2314"]
[PlyCount "104"]
[EventDate "2017.11.24"]
[EventType "team-tourn"]
[EventRounds "9"]
[EventCountry "AUT"]
[SourceTitle "CBM 181 Extra"]
[Source "ChessBase"]
[SourceDate "2017.12.12"]
[SourceVersion "1"]
[SourceVersionDate "2017.12.12"]
[SourceQuality "1"]
[WhiteTeam "Pamhagen (W)"]
[BlackTeam "Mayrhofen/Zillertal (W)"]
[WhiteTeamCountry "AUT"]
[BlackTeamCountry "AUT"]

1. e4 c6 2. c4 d5 3. exd5 cxd5 4. cxd5 Nf6 5. Nc3 Nxd5 6. Nf3 Nc6 7. Bc4 Nb6 8. Bb3 Bf5 9. d4 e6 10. 0-0 Be7 11. h3 0-0 12. a3 Bf6 13. Be3 Ne7 14. Rc1 Ned5 15. Qe2 Rc8 16. Nxd5 Nxd5 17. Rxc8 Qxc8 18. Rc1 Qd7 19. Ne5 Bxe5 20. dxe5 Nxe3 21. Qxe3 Qb5 22. a4 Qa5 23. Rc5 Qb6 24. Qc3 h6 25. Rb5 Qa6 26. Ra5 Qb6 27. Rc5 Be4 28. Bc2 Bxc2 29. Qxc2 Qb4 30. b3 Qe1+ 31. Kh2 b6 32. Rb5 Rd8 33. a5 Rd2 34. Qc8+ Kh7 35. Qc6 a6 36. Rb4 Rxf2 37. Re4 Qxa5 38. Qd7 Qd2 39. Qxd2 Rxd2 40. Rf4 Kg8 41. Re4 a5 42. Re3 b5 43. Kg3 Rd5 44. Kf4 a4 45. bxa4 bxa4 46. g4 Rb5 47. Ra3 Rb4+ 48. Ke3 Rb3+ 49. Rxb3 axb3 50. Kd3 Kh7 51. Kc3 Kg6 52. h4 h5 0-1

[Event "AUT-chT (Women) 1617"]
[Site "Austria"]
[Date "2017.03.25"]
[Round "4.1"]
[White "Theissl Pokorna, Regina"]
[Black "Landl, Margot"]
[Result "1-0"]
[WhiteElo "2328"]
[BlackElo "1924"]
[PlyCount "85"]
[EventDate "2017.01.14"]
[EventType "team-tourn"]
[EventRounds "11"]
[EventCountry "AUT"]
[SourceTitle "EXT 2018"]
[Source "ChessBase"]
[SourceDate "2017.10.13"]
[SourceVersion "1"]
[SourceVersionDate "2017.10.13"]
[SourceQuality "1"]
[WhiteTeam "Pamhagen (W)"]
[BlackTeam "Tschaturanga (W)"]
[WhiteTeamCountry "AUT"]
[BlackTeamCountry "AUT"]

1. e4 e5 2. Nf3 Nc6 3. Bc4 Bc5 4. c3 Nf6 5. d3 0-0 6. Nbd2 d5 7. exd5 Nxd5 8. Ne4 Be7 9. 0-0 Bg4 10. h3 Bh5 11. Re1 Nb6 12. Bb3 Bg6 13. a4 a5 14. Qe2 Re8 15. Bd2 Qd7 16. Rad1 Rad8 17. Bc1 Kh8 18. Neg5 Bf6 19. Nh4 Bxg5 20. Nxg6+ hxg6 21. Bxg5 f6 22. Bc1 Nd5 23. Qe4 Nce7 24. Qh4+ Kg8 25. d4 exd4 26. Qxd4 Qf5 27. Re2 Qh5 28. Rde1 Kh7 29. Qg4 Qxg4 30. hxg4 Rd7 31. Bxd5 Rxd5 32. Rxe7 Rxe7 33. Rxe7 Rd1+ 34. Kh2 Rxc1 35. Rxc7 Rc2 36. Rxb7 Rxf2 37. b4 Ra2 38. Ra7 Ra3 39. Rxa5 Rxc3 40. Rb5 Rc4 41. a5 f5 42. gxf5 gxf5 43. a6 1-0

[Event "AUT-chT2O 1617"]
[Site "Austria"]
[Date "2017.03.05"]
[Round "9.3"]
[White "Theissl Pokorna, Regina"]
[Black "Rongitsch, Thomas"]
[Result "1-0"]
[WhiteElo "2324"]
[BlackElo "2092"]
[PlyCount "37"]
[EventDate "2016.10.15"]
[EventType "team-tourn"]
[EventRounds "11"]
[EventCountry "AUT"]
[SourceTitle "CBM 177 Extra"]
[Source "ChessBase"]
[SourceDate "2017.04.27"]
[SourceVersion "1"]
[SourceVersionDate "2017.04.27"]
[SourceQuality "1"]
[WhiteTeam "Austria"]
[BlackTeam "Nickelsdorf Blackburne II"]
[WhiteTeamCountry "AUT"]
[BlackTeamCountry "AUT"]

1. e4 c6 2. c4 d5 3. exd5 cxd5 4. cxd5 Nf6 5. Nc3 Nxd5 6. Bc4 Nb6 7. Bb3 e6 8. Nf3 Be7 9. d4 0-0 10. 0-0 Nc6 11. a3 a6 12. Qd3 Nd5 13. Bc2 g6 14. Re1 Nxc3 15. bxc3 Bf6 16. Bh6 Re8 17. Rad1 Bd7 18. Ne5 Qc7 19. Qf3 1-0

[Event "AUT-chT2O 1617"]
[Site "Austria"]
[Date "2016.12.03"]
[Round "5.1"]
[White "Ernst, Michael"]
[Black "Theissl Pokorna, Regina"]
[Result "1/2-1/2"]
[WhiteElo "2071"]
[BlackElo "2324"]
[PlyCount "121"]
[EventDate "2016.10.15"]
[EventType "team-tourn"]
[EventRounds "11"]
[EventCountry "AUT"]
[SourceTitle "CBM 177 Extra"]
[Source "ChessBase"]
[SourceDate "2017.04.27"]
[SourceVersion "1"]
[SourceVersionDate "2017.04.27"]
[SourceQuality "1"]
[WhiteTeam "Poechlarn"]
[BlackTeam "Austria"]
[WhiteTeamCountry "AUT"]
[BlackTeamCountry "AUT"]

1. d4 Nf6 2. Bf4 g6 3. Nf3 Bg7 4. h3 b6 5. e3 Bb7 6. Nbd2 d6 7. Bd3 Nbd7 8. e4 Nh5 9. Bg5 h6 10. Be3 e5 11. g3 0-0 12. 0-0 Qf6 13. Re1 Rad8 14. c3 Rfe8 15. Nh2 Kh7 16. Be2 exd4 17. Bxd4 Ne5 18. Bxh5 gxh5 19. Qxh5 c5 20. Ng4 Qg6 21. Qxg6+ fxg6 22. Bxe5 dxe5 23. Rad1 h5 24. Ne3 Bh6 25. Nd5 Bxd5 26. exd5 Rxd5 27. Ne4 Rxd1 28. Rxd1 Re7 29. b3 Kg7 30. Kf1 Kf7 31. Ke2 Rc7 32. a4 Bf8 33. Rd5 Ke6 34. c4 Be7 35. Kf3 Rc8 36. Ke2 a6 37. f3 b5 38. axb5 axb5 39. Ke3 bxc4 40. bxc4 Rc7 41. Nf2 Bd6 42. Ke4 h4 43. g4 Ra7 44. Nd3 Ra1 45. f4 exf4 46. Nxf4+ Bxf4 47. Kxf4 Ra3 48. Rxc5 Rxh3 49. Rc6+ Kf7 50. Kg5 Rh1 51. Rc7+ Kf8 52. Kxg6 Rc1 53. Rc8+ Ke7 54. Rh8 Rxc4 55. g5 Rf4 56. Rh5 Kf8 57. Kh7 Rf7+ 58. Kh6 Kg8 59. g6 Rf4 60. Kg5 Ra4 61. Kh6 1/2-1/2